<?xml version="1.0" encoding="UTF-8"?>
<record
    xmlns:xsi="http://www.w3.org/2001/XMLSchema-instance"
    xsi:schemaLocation="http://www.loc.gov/MARC21/slim http://www.loc.gov/standards/marcxml/schema/MARC21slim.xsd"
    xmlns="http://www.loc.gov/MARC21/slim">

  <leader>00283nam a22001337a 4500</leader>
  <controlfield tag="003">SGT</controlfield>
  <datafield tag="020" ind1=" " ind2=" ">
    <subfield code="a">9788184876888</subfield>
  </datafield>
  <datafield tag="082" ind1=" " ind2=" ">
    <subfield code="a">514.2</subfield>
    <subfield code="b">AHM</subfield>
  </datafield>
  <datafield tag="100" ind1=" " ind2=" ">
    <subfield code="a">AHMED, KHALIL</subfield>
  </datafield>
  <datafield tag="245" ind1=" " ind2=" ">
    <subfield code="a">INTRODUCTION TO TOPOLOGY</subfield>
  </datafield>
  <datafield tag="260" ind1=" " ind2=" ">
    <subfield code="a">DELHI</subfield>
    <subfield code="b">NAROSA</subfield>
    <subfield code="c">2019</subfield>
  </datafield>
  <datafield tag="300" ind1=" " ind2=" ">
    <subfield code="a">112</subfield>
  </datafield>
  <datafield tag="942" ind1=" " ind2=" ">
    <subfield code="2">ddc</subfield>
    <subfield code="c">BK</subfield>
    <subfield code="0">56</subfield>
  </datafield>
  <datafield tag="952" ind1=" " ind2=" ">
    <subfield code="0">0</subfield>
    <subfield code="1">0</subfield>
    <subfield code="2">ddc</subfield>
    <subfield code="4">0</subfield>
    <subfield code="7">0</subfield>
    <subfield code="8">FS</subfield>
    <subfield code="a">SSSL</subfield>
    <subfield code="b">SSSL</subfield>
    <subfield code="c">TXT</subfield>
    <subfield code="d">2023-10-17</subfield>
    <subfield code="e">AHUJA</subfield>
    <subfield code="g">245.00</subfield>
    <subfield code="i">SGTU</subfield>
    <subfield code="l">16</subfield>
    <subfield code="o">514.2 AHM</subfield>
    <subfield code="p">PS6965</subfield>
    <subfield code="r">2025-04-10 00:00:00</subfield>
    <subfield code="s">2025-03-28</subfield>
    <subfield code="w">2023-09-30</subfield>
    <subfield code="y">BK</subfield>
    <subfield code="k">17510</subfield>
  </datafield>
  <datafield tag="952" ind1=" " ind2=" ">
    <subfield code="0">0</subfield>
    <subfield code="1">0</subfield>
    <subfield code="2">ddc</subfield>
    <subfield code="4">0</subfield>
    <subfield code="7">0</subfield>
    <subfield code="8">FS</subfield>
    <subfield code="a">SSSL</subfield>
    <subfield code="b">SSSL</subfield>
    <subfield code="c">TXT</subfield>
    <subfield code="d">2023-10-17</subfield>
    <subfield code="e">AHUJA</subfield>
    <subfield code="g">245.00</subfield>
    <subfield code="i">SGTU</subfield>
    <subfield code="l">8</subfield>
    <subfield code="o">514.2 AHM</subfield>
    <subfield code="p">PS6966</subfield>
    <subfield code="r">2025-06-10 00:00:00</subfield>
    <subfield code="s">2025-05-27</subfield>
    <subfield code="w">2023-09-30</subfield>
    <subfield code="y">BK</subfield>
    <subfield code="k">17510</subfield>
  </datafield>
  <datafield tag="952" ind1=" " ind2=" ">
    <subfield code="0">0</subfield>
    <subfield code="1">0</subfield>
    <subfield code="2">ddc</subfield>
    <subfield code="4">0</subfield>
    <subfield code="7">0</subfield>
    <subfield code="8">FS</subfield>
    <subfield code="a">SSSL</subfield>
    <subfield code="b">SSSL</subfield>
    <subfield code="c">TXT</subfield>
    <subfield code="d">2023-10-17</subfield>
    <subfield code="e">AHUJA</subfield>
    <subfield code="g">245.00</subfield>
    <subfield code="i">SGTU</subfield>
    <subfield code="l">16</subfield>
    <subfield code="o">514.2 AHM</subfield>
    <subfield code="p">PS6967</subfield>
    <subfield code="r">2025-06-24 00:00:00</subfield>
    <subfield code="s">2025-06-17</subfield>
    <subfield code="w">2023-09-30</subfield>
    <subfield code="y">BK</subfield>
    <subfield code="k">17510</subfield>
  </datafield>
  <datafield tag="952" ind1=" " ind2=" ">
    <subfield code="0">0</subfield>
    <subfield code="1">0</subfield>
    <subfield code="2">ddc</subfield>
    <subfield code="4">0</subfield>
    <subfield code="7">0</subfield>
    <subfield code="8">FS</subfield>
    <subfield code="a">SSSL</subfield>
    <subfield code="b">SSSL</subfield>
    <subfield code="c">TXT</subfield>
    <subfield code="d">2023-10-17</subfield>
    <subfield code="e">AHUJA</subfield>
    <subfield code="g">245.00</subfield>
    <subfield code="i">SGTU</subfield>
    <subfield code="l">7</subfield>
    <subfield code="m">1</subfield>
    <subfield code="o">514.2 AHM</subfield>
    <subfield code="p">PS6968</subfield>
    <subfield code="r">2025-05-27 00:00:00</subfield>
    <subfield code="s">2025-05-10</subfield>
    <subfield code="w">2023-09-30</subfield>
    <subfield code="y">BK</subfield>
    <subfield code="k">17510</subfield>
  </datafield>
  <datafield tag="952" ind1=" " ind2=" ">
    <subfield code="0">0</subfield>
    <subfield code="1">0</subfield>
    <subfield code="2">ddc</subfield>
    <subfield code="4">0</subfield>
    <subfield code="7">0</subfield>
    <subfield code="8">FS</subfield>
    <subfield code="a">SSSL</subfield>
    <subfield code="b">SSSL</subfield>
    <subfield code="c">TXT</subfield>
    <subfield code="d">2023-10-17</subfield>
    <subfield code="e">AHUJA</subfield>
    <subfield code="g">245.00</subfield>
    <subfield code="i">SGTU</subfield>
    <subfield code="l">15</subfield>
    <subfield code="m">2</subfield>
    <subfield code="o">514.2 AHM</subfield>
    <subfield code="p">PS6969</subfield>
    <subfield code="r">2025-06-17 00:00:00</subfield>
    <subfield code="s">2025-05-05</subfield>
    <subfield code="w">2023-09-30</subfield>
    <subfield code="y">BK</subfield>
    <subfield code="k">17510</subfield>
  </datafield>
  <datafield tag="999" ind1=" " ind2=" ">
    <subfield code="c">25208</subfield>
    <subfield code="d">25208</subfield>
  </datafield>
</record>
